| 000 | 00708pam a2200217 a 4500 | ||
|---|---|---|---|
| 001 | 3544187 | ||
| 005 | 20180222093348.0 | ||
| 008 | 971023s1998 nyua 001 0 eng | ||
| 010 | _a 97032576 | ||
| 020 | _a0134376099 | ||
| 040 |
_aDLC _cDLC _dDLC |
||
| 041 | _aeng | ||
| 080 | _a808..0427 jef | ||
| 082 | 0 | 0 |
_a808..0427 jef _221 |
| 100 | 1 | _a48 | |
| 101 | _aedu | ||
| 245 | 1 | 0 |
_aWriting with purpose and passion : _cJeff Stalcup, Mike Rovasio. |
| 906 |
_a7 _bcbc _corignew _d1 _eocip _f19 _gy-gencatlg |
||
| 942 |
_2ddc _cBK |
||
| 999 |
_c43221 _d43221 |
||